Prebytok v rozpočte sociálnej poisťovne sa použije na zvýšenie dôchodkov a nemocenských dávok

Sociálna poisťovňa od 1.1.1995 od Národnej poisťovne prevzala výber poistného a výplatu dávok nemocenského a dôchodkového zabezpečenia, ako aj štátnych sociálnych dávok. Rozpočet na rok 1995, štruktúra príjmov a výdavkov (na nemocenské poistenie, dôchodkové zabezpečenie, ostatné výdavky, tzv. nesyst...

Ausführliche Beschreibung

Gespeichert in:
Bibliographische Detailangaben
1. Verfasser: Jurina, Ľ.
Format: Buchkapitel
Sprache:Slowakisch
Schlagworte:
Tags: Tag hinzufügen
Keine Tags, Fügen Sie das erste Tag hinzu!

MARC

LEADER 00000naa a2200000 4500
001 r017207
005 20221205103052.8
041 0 |a slo 
044 |a SK 
245 1 0 |a Prebytok v rozpočte sociálnej poisťovne sa použije na zvýšenie dôchodkov a nemocenských dávok  |c Ľ. Jurina 
520 |a Sociálna poisťovňa od 1.1.1995 od Národnej poisťovne prevzala výber poistného a výplatu dávok nemocenského a dôchodkového zabezpečenia, ako aj štátnych sociálnych dávok. Rozpočet na rok 1995, štruktúra príjmov a výdavkov (na nemocenské poistenie, dôchodkové zabezpečenie, ostatné výdavky, tzv. nesystémové dávky). Tvorba a využitie správneho fondu (3 perc. z vybraného poistného a príjmov z majetku Sociálnej poisťovne). 
610 2 0 |a poisťovne 
610 2 0 |a poistné 
610 2 0 |a hospodárenie finančné 
610 2 0 |a rozpočty 
610 2 0 |a Sociálna poisťovňa, a.s. Bratislava 
610 2 0 |a 1995 
610 2 0 |a príjmy 
610 2 0 |a výdavky 
610 2 0 |a poistenie nemocenské 
610 2 0 |a zabezpečenie dôchodkové 
610 2 0 |a dávky sociálne 
100 1 |a Jurina, Ľ.